All teams Real Madrid has played against ever - Statistics

General Stats
  • This quiz has been taken 122 times
  • The average score is 26 of 260
Answer Stats
Group Football club % Correct
Spain FC Barcelona
72%
Argentina Boca Juniors
59%
Germany Bayern Munich
58%
France Olympique Lyonnais
58%
England Manchester City
57%
England Manchester United
55%
Italy AC Milan
54%
Italy Inter Milan
54%
Italy Juventus
54%
France Paris Saint-Germain
54%
England Liverpool
52%
England Arsenal
50%
England Chelsea
48%
Germany Borussia Dortmund
47%
Italy AS Roma
45%
England Tottenham Hotspur
43%
France Olympique Marseille
42%
Scotland Celtic
40%
Italy Napoli
40%
Portugal Benfica
39%
Italy Lazio
39%
Portugal Porto
39%
Netherlands Ajax
38%
Germany Bayer 04 Leverkusen
37%
Croatia Dinamo Zagreb
37%
Turkey Galatasaray
37%
Saudi Arabia Al-Hilal
36%
Netherlands PSV Eindhoven
35%
Scotland Rangers
35%
Belgium Anderlecht
34%
Belgium Club Brugge
34%
France AS Monaco
32%
Russia Zenit
32%
Italy Fiorentina
30%
Belgium Genk
30%
Turkey Beșiktas
29%
Russia CSKA Moscow
29%
Greece Panathinaikos
29%
Germany RB Leipzig
29%
Italy Atalanta
28%
Sweden Malmö
28%
Germany FC Schalke 04
25%
Netherlands Feyenoord
25%
England Leeds United
25%
Saudi Arabia Al-Nassr
24%
Switzerland Basel
24%
Austria Austria Wien
23%
Serbia Crvena Zvezda
22%
Italy Torino
22%
Switzerland Young Boys
22%
Germany VfL Wolfsburg
21%
Greece AEK Athens
20%
Germany Borussia Mönchengladbach
20%
Greece Olympiakos
20%
Austria Rapid Wien
19%
Belarus Bate Borisov
18%
Spain Real Sociedad
18%
Switzerland Zurich
18%
Germany Hamburger SV
17%
Russia Spartak Moscow
17%
Scotland Aberdeen
16%
Ukraine Dinamo Kiev
15%
Russia Lokomotiv Moscow
15%
Germany Eintracht Frankfurt
14%
France OGC Nice
14%
Germany Werder Bremen
14%
Brazil Grêmio
13%
USA LA Galaxy
13%
Serbia Partizan Belgrade
13%
Ukraine Shakhtar Donetsk
13%
Austria Sturm Graz
13%
Wales/England Cardiff City
12%
Brazil Corinthians
12%
Bulgaria Ludogorets
12%
Egypt Al-Ahly
10%
Uruguay Peñarol
10%
Spain Rayo Vallecano
10%
Czech Republic Sparta Prague
10%
Switzerland Grasshoppers
9%
Paraguay Olimpia
9%
Spain Sevilla FC
9%
Germany 1. FC Kaiserslautern
8%
UAE Al Ain
8%
Romania FCSB
8%
Portugal Sporting CP
8%
Mexico Club América
7%
England Derby County
7%
Russia Dinamo Moscow
7%
Bulgaria Levski Sofia
7%
Switzerland Servette
7%
Slovakia Slovan Bratislava
7%
Czech Republic Viktoria Plzen
7%
France Auxerre
6%
Moldova Sheriff Tiraspol
6%
France Stade Reims
6%
Japan Kashima Antlers
5%
Portugal Vasco da Gama
5%
Spain Athletic Club de Bilbao
4%
Spain Club Atlético de Madrid
4%
Hungary Ferencvárosi
4%
England Ipswich Town
4%
Scotland Kilmarnock
4%
Switzerland Lugano
4%
Spain Málaga CF
4%
Spain Real Betis Balompié
4%
Spain Real Oviedo
4%
Spain Villarreal CF
4%
Croatia HNK Rijeka
3%
Spain Real Unión
3%
Spain Real Valladolid CF
3%
Belgium Royal Antwerp
3%
Argentina San Lorenzo de Almagro
3%
Spain Valencia CF
3%
Spain Cádiz CF
2%
Spain Elche CF
2%
Spain Girona FC
2%
Denmark Kobenhavn
2%
Switzerland Neuchâtel Xamax
2%
Spain RCD Espanyol
2%
Spain Real Zaragoza
2%
Spain SD Eibar
2%
Russia Torpedo Moscow
2%
Spain UD Almería
2%
Netherlands Vitesse
2%
Austria Wacker Innsbruck
2%
Germany 1860 München
1%
Spain AD Alcorcón
1%
Spain Albacete Balompié
1%
UAE Al Jazira
1%
Cyprus APOEL FC
1%
Hungary Budapest Honved
1%
Spain CA Osasuna
1%
Spain CD Alcoyano
1%
Spain Cultural y Deportiva Leonesa
1%
Germany FC Köln
1%
Spain Getafe CF
1%
Spain Granada CF
1%
Spain Hércules CF
1%
Spain Levante UD
1%
Norway Molde FK
1%
Denmark Odense BK
1%
Spain Pontevedra CF
1%
Spain Racing de Ferrol
1%
Spain RC Celta de Vigo
1%
Spain RCD Mallorca
1%
Spain Real Madrid Castilla
1%
Spain Real Murcia CF
1%
Norway Rosenborg BK
1%
Spain SD Ponferradina
1%
Austria Swarovski Tirol
1%
Austria Tirol Innsbruck
1%
Spain UD Las Palmas
1%
Austria Wiener SC
1%
Spain AD Almería
0%
Spain AD Ferroviaria
0%
Spain AD Mérida
0%
Cyprus AEL Limassol
0%
Spain Algeciras CF
0%
Spain Alicante CF
0%
Spain Arenas Club de Getxo
0%
Romania Argeș Pitești
0%
Spain Barakaldo CF
0%
Denmark Boldklubben 1909
0%
Hungary Budapesti Vasas
0%
Spain Burgos CF
0%
Spain CA Osasuna "B"
0%
Germany Carl Zeiss Jena
0%
Spain CD Badajoz
0%
Spain CD Condal
0%
Spain CD Extremeño
0%
Spain CD Leganés
0%
Spain CD Logroñés
0%
Spain CD Logroño
0%
Spain CD Málaga
0%
Spain CD Numancia de Soria
0%
Spain CD Olimpic de Xátiva
0%
Spain CD Ourense
0%
Spain CD Patria Aragón
0%
Spain CD Puertollano
0%
Spain CD Tenerife
0%
Spain CD Toledo
0%
Spain CE Europa
0%
Mexico CF Cruz Azul
0%
Spain CF Extremadura
0%
Spain CF Fuenlabrada
0%
Ukraine Chornomorets Odessa
0%
Spain Club Atlético de Tetuán
0%
Mexico Club Necaxa
0%
Spain Córdoba CF
0%
Spain CP Cacereño
0%
Spain CP Mérida
0%
Spain Deportivo Alavés
0%
Romania Dinamo București
0%
Spain Écija Balompié
0%
Spain Eclipse Santander
0%
Romania FC Baia Mare
0%
Spain FC Barcelona Atlètic
0%
Czech Republic FC Dukla Prague
0%
Spain FC Espanya
0%
Netherlands FC Utrecht
0%
Spain FC Vizcaya
0%
Hungary Fehérvár
0%
Iceland Fram Reykjavík
0%
Spain Gimnástica de Torrelavega
0%
Spain Gimnàstic de Tarragona
0%
Poland Górnik Zabrze
0%
Ireland Hamilton FC
0%
Scotland Hibernians
0%
Denmark Hvidovre IF
0%
Spain Jerez FC
0%
Luxembourg Jeunesse d'Esch
0%
Iceland Keflavík IK
0%
Ireland Limerick FC
0%
Norway Moss FK
0%
Spain Natación Alicante
0%
Cyprus Olympiakos Nicosia
0%
Portugal Os Belenenses
0%
Spain Patria CF
0%
Romania Politehnica Timișoara
0%
Luxembourg Progrès Nidderkuer
0%
Spain Racing Club de Madrid
0%
Morocco Raja Casablanca
0%
Spain RCD Córdoba
0%
Spain RC Deportivo de la Coruña
0%
Spain RC Recreativo de Huelva
0%
Spain Real Burgos CF
0%
Spain Real Jaén CF
0%
Spain Real Racing de Santander
0%
Spain Real Sociedad "B"
0%
Spain Real Sporting de Gijón
0%
Spain RSG Torrelavega
0%
Spain San Sebastián RC
0%
Spain SD Ceuta
0%
Spain SD Compostela
0%
Spain SD Huesca
0%
Spain SD Indautxu
0%
Spain Sestao Sport Club
0%
Czech Republic Sigma Olomouc
0%
Luxembourg Spora Luxembourg
0%
Austria SSW Innsbruck
0%
Poland Stal Mielec
0%
Belgium Standard de Liège
0%
Hungary Tatabánya
0%
Spain Terrassa FC
0%
Spain UD Lanzarote
0%
Spain UD Melilla
0%
Spain UD Pajara-Playas de Jandia
0%
Spain UD Salamanca
0%
Spain UD Sanse
0%
Spain UE Cornellà
0%
Spain UE Lleida
0%
Spain UE Sant Andreu
0%
Hungary Újpest FC
0%
Spain Unionistas de Salamanca
0%
Spain Valdepeñas
0%
Spain Valencia Mestalla
0%
Spain Vasconia SC
0%
Spain Vigo Sporting
0%
Poland Wisla Kraków
0%
Spain Xerez CD
0%
No matching quizzes found
Score Distribution
Percent of People with Each Score
Percentile by Number Answered
Your Score History
You have not taken this quiz